000 00422nam a2200157Ia 4500
008 230917s9999||||xx |||||||||||||| ||und||
020 _cRS18.5
040 _e22914
_aMAIN
041 _aEnglish
082 _a39.34 B474E
100 _aBiddle, William W
245 0 _aEncouraging community development: A training guide for local workers
260 _aNew Delhi
_bLights Life
_c1968
300 _avii,224 p.
942 _cBK
999 _c79657
_d79657